Most Submission Wins in UFC History - Statistics

General Stats
  • This quiz has been taken 119 times
  • The average score is 4 of 17
Answer Stats
Wins Answer % Correct
16 Charles Oliveira
99%
8 Islam Makhachev
58%
13 Jim Miller
48%
7 Cole Miller
46%
10 Nate Diaz
32%
11 Demian Maia
26%
8 Frank Mir
16%
7 Glover Teixeira
8%
8 Gunnar Nelson
8%
7 Joe Lauzon
7%
11 Gerald Meerschaert
5%
7 Aleksei Oleinik
4%
7 Kenny Florian
4%
8 Michael Chiesa
4%
7 Brendan Allen
2%
7 Rani Yahya
2%
7 Gillian Robertson
1%
No matching quizzes found
Score Distribution
Percent of People with Each Score
Percentile by Number Answered
Your Score History
You have not taken this quiz